[Event "Arber op 7th"]
[Site "Bodenmais"]
[Date "2018.08.05"]
[Round "9"]
[White "Thullen, Andre"]
[Black "Bergmann, Reiner"]
[Result "0-1"]
[WhiteElo "1570"]
[BlackElo "1808"]
[PlyCount "58"]
[EventDate "2018.07.28"]
[EventType "swiss"]
[EventRounds "9"]
[EventCountry "GER"]
[SourceTitle "CBM 185 Extra"]
[Source "ChessBase"]
[SourceDate "2018.07.29"]
[SourceVersion "1"]
[SourceVersionDate "2018.07.29"]
[SourceQuality "1"]

1. d4 Nf6 2. Nf3 g6 3. c4 Bg7 4. Nc3 0-0 5. Bf4 d6 6. Qd2 Re8 7. Rd1 Bf5 8. e3 Nh5 9. Bg3 Nxg3 10. hxg3 Nd7 11. Bd3 Bg4 12. Be2 c5 13. Ng5 Bxe2 14. Qxe2 h6 15. Nf3 Rc8 16. 0-0 a6 17. Qc2 b5 18. d5 Qa5 19. Rc1 Nb6 20. cxb5 axb5 21. Qb3 b4 22. Ne2 c4 23. Qd1 Bxb2 24. Rb1 Qxa2 25. Qc2 c3 26. Nc1 Qxd5 27. Nb3 Nc4 28. Rbd1 Qa8 29. Nfd4 e5 0-1

[Event "Arber op 7th"]
[Site "Bodenmais"]
[Date "2018.07.30"]
[Round "3"]
[White "Thullen, Andre"]
[Black "Vennemann, Juergen"]
[Result "0-1"]
[WhiteElo "1570"]
[BlackElo "1887"]
[PlyCount "60"]
[EventDate "2018.07.28"]
[EventType "swiss"]
[EventRounds "9"]
[EventCountry "GER"]
[SourceTitle "CBM 185 Extra"]
[Source "ChessBase"]
[SourceDate "2018.07.29"]
[SourceVersion "1"]
[SourceVersionDate "2018.07.29"]
[SourceQuality "1"]

1. d4 d5 2. Nf3 Nf6 3. c4 c6 4. Nc3 e6 5. Bf4 Bd6 6. Bxd6 Qxd6 7. e3 Nbd7 8. Bd3 0-0 9. 0-0 Re8 10. cxd5 exd5 11. Rb1 Ne4 12. Bxe4 dxe4 13. Ng5 Qg6 14. Ngxe4 Rxe4 15. Nxe4 Qxe4 16. Qd2 Nf6 17. Rfd1 Be6 18. b3 h5 19. f3 Qg6 20. Kh1 Rd8 21. Qa5 Rd5 22. Qxa7 Rg5 23. Rb2 h4 24. h3 Rg3 25. Kh2 Bxh3 26. Qb8+ Kh7 27. gxh3 Qf5 28. Kh1 Qxf3+ 29. Kh2 Rxh3+ 30. Kg1 Rh1# 0-1

[Event "Arber op 6th"]
[Site "Bodenmais"]
[Date "2017.07.31"]
[Round "3"]
[White "Thullen, Andre"]
[Black "Comes, Bruno"]
[Result "0-1"]
[WhiteElo "1568"]
[BlackElo "2169"]
[PlyCount "94"]
[EventDate "2017.07.29"]
[EventType "swiss"]
[EventRounds "9"]
[EventCountry "GER"]
[SourceTitle "CBM 179 Extra"]
[Source "ChessBase"]
[SourceDate "2017.08.23"]
[SourceVersion "1"]
[SourceVersionDate "2017.08.23"]
[SourceQuality "1"]

1. d4 f5 2. c4 Nf6 3. Nc3 e6 4. Nf3 Bb4 5. Bd2 b6 6. e3 Bb7 7. Bd3 0-0 8. a3 Bxc3 9. Bxc3 Ne4 10. Bxe4 Bxe4 11. 0-0 d6 12. Nd2 Bb7 13. f3 Qg5 14. Kh1 Qxe3 15. Re1 Qh6 16. Qe2 Re8 17. Qe3 Qxe3 18. Rxe3 Nd7 19. Rae1 Kf7 20. f4 a5 21. d5 Nf8 22. Nf3 h6 23. Nd4 exd5 24. Nxf5 Rxe3 25. Rxe3 Ne6 26. cxd5 Bxd5 27. Nd4 Nxf4 28. Nf3 g5 29. Bd2 Nxg2 30. Kxg2 g4 31. Kf2 gxf3 32. Rc3 c6 33. Bxh6 Rg8 34. Rxf3+ Bxf3 35. Kxf3 b5 36. h4 Kg6 37. Bf4 Rf8 38. Kg4 d5 39. h5+ Kf6 40. Bg5+ Kg7 41. Bd2 a4 42. Kg5 Rf3 43. Kg4 Rd3 44. Bc3+ Rxc3 45. bxc3 d4 46. cxd4 b4 47. axb4 a3 0-1

[Event "SVR op"]
[Site "Nickenich"]
[Date "2015.03.28"]
[Round "1"]
[White "Thullen, Andre"]
[Black "Kies, Wolfgang"]
[Result "0-1"]
[WhiteElo "1167"]
[BlackElo "1659"]
[PlyCount "32"]
[EventDate "2015.03.28"]
[EventType "swiss"]
[EventRounds "7"]
[EventCountry "GER"]
[SourceTitle "EXT 2016"]
[Source "ChessBase"]
[SourceDate "2015.10.08"]
[SourceVersion "1"]
[SourceVersionDate "2015.10.08"]
[SourceQuality "1"]

1. d4 d5 2. Nf3 c5 3. Bf4 e6 4. e3 Nf6 5. Bb5+ Bd7 6. Bxd7+ Qxd7 7. Nc3 Nc6 8. Nb5 Rc8 9. Ne5 Nxe5 10. Bxe5 Qxb5 11. Bxf6 gxf6 12. Rb1 Bd6 13. g3 Ke7 14. b3 a6 15. a4 Qc6 16. 0-0 h5 0-1